000 00287nam a22001337a 4500
008 170728b xxu||||| |||| 00| 0 eng d
020 _a026261054-X
041 _aeng
080 _a004
100 _a31
101 _aSHK
245 _aLOGIC PROGRAMMING
_cKOWALSKI,R.A
942 _2udc
_cBK
999 _c22125
_d22125